<?xml version="1.0" encoding="UTF-8"?>
<marc:record xmlns:marc="http://www.loc.gov/MARC21/slim">
   <marc:leader>00000nam a2200000 a 4500</marc:leader>
   <marc:datafield ind1="1" ind2=" " tag="100">
      <marc:subfield code="a">Stroot, Anja</marc:subfield>
      <marc:subfield code="4">aut</marc:subfield>
      <marc:subfield code="e">Verfasser/-in</marc:subfield>
   </marc:datafield>
   <marc:datafield ind1=" " ind2=" " tag="653">
      <marc:subfield code="a">Sozialbetreuer</marc:subfield>
   </marc:datafield>
   <marc:datafield ind1=" " ind2=" " tag="653">
      <marc:subfield code="a">Angehörige</marc:subfield>
   </marc:datafield>
   <marc:datafield ind1=" " ind2=" " tag="653">
      <marc:subfield code="a">Altenpfleger</marc:subfield>
   </marc:datafield>
   <marc:datafield ind1=" " ind2=" " tag="653">
      <marc:subfield code="a">Altenpflegehelfer</marc:subfield>
   </marc:datafield>
   <marc:datafield ind1=" " ind2=" " tag="653">
      <marc:subfield code="a">Altenpflege</marc:subfield>
   </marc:datafield>
   <marc:datafield ind1=" " ind2=" " tag="653">
      <marc:subfield code="a">Demenz</marc:subfield>
   </marc:datafield>
   <marc:datafield ind1=" " ind2=" " tag="653">
      <marc:subfield code="a">Vorlesegeschichten</marc:subfield>
   </marc:datafield>
   <marc:datafield ind1=" " ind2=" " tag="653">
      <marc:subfield code="a">Pflege</marc:subfield>
   </marc:datafield>
   <marc:datafield ind1=" " ind2=" " tag="653">
      <marc:subfield code="a">Beschäftigung</marc:subfield>
   </marc:datafield>
   <marc:datafield ind1=" " ind2=" " tag="653">
      <marc:subfield code="a">Vorlesen</marc:subfield>
   </marc:datafield>
   <marc:datafield ind1=" " ind2=" " tag="653">
      <marc:subfield code="a">Softcover / Ratgeber/Gesundheit</marc:subfield>
   </marc:datafield>
   <marc:datafield ind1=" " ind2=" " tag="653">
      <marc:subfield code="a">Erzählende Literatur: Gegenwartsliteratur ab 1945</marc:subfield>
   </marc:datafield>
   <marc:datafield ind1="0" ind2="0" tag="245">
      <marc:subfield code="a">Alltägliches</marc:subfield>
   </marc:datafield>
   <marc:datafield ind1="0" ind2="0" tag="245">
      <marc:subfield code="c">Anja Stroot</marc:subfield>
   </marc:datafield>
   <marc:datafield ind1=" " ind2="1" tag="264">
      <marc:subfield code="a">Mülheim an der Ruhr</marc:subfield>
      <marc:subfield code="b">Verl. an der Ruhr</marc:subfield>
      <marc:subfield code="c">2013</marc:subfield>
   </marc:datafield>
   <marc:datafield ind1="1" ind2=" " tag="490">
      <marc:subfield code="a">5-Minuten-Vorlesegeschichten für Menschen mit Demenz</marc:subfield>
   </marc:datafield>
   <marc:datafield ind1="1" ind2=" " tag="520">
      <marc:subfield code="a">Angaben aus der Verlagsmeldung

5-Minuten-Vorlesegeschichten für Menschen mit Demenz: Alltägliches / von Anja Stroot

19 kurze und leicht verständliche Vorlesegeschichten für Menschen mit Demenz, Altersdemenz oder Alzheimer +++ Ältere Menschen verfügen über einen reichhaltigen Erinnerungsschatz – der bei Demenz oder Alzheimer jedoch tief vergraben scheint. Es lohnt sich, ihn wieder in die Gegenwart zu holen! Diese Sammlung heiterer Alltagsgeschichten hilft Ihnen dabei. Die Anekdoten erzählen von lustigen Missgeschicken, fatalen Irrtümern und außergewöhnlichen Situationen des Alltags – von den Tücken der Gerüchteküche bis hin zu einer abenteuerlichen Mückenjagd. Alle Vorlesegeschichten sind kurz und verständlich gehalten, überfordern nicht, verkindlichen aber auch nichts, sodass sich Demenzkranke trotz der einfachen Handlungsstruktur mit den Inhalten und den Figuren sehr gut identifizieren können. Fragen, die an jede Geschichte anknüpfen, aktivieren die Erinnerung und ermuntern die Zuhörer zum Erzählen. Die 5-Minuten-Vorlesegeschichten sind ideal einsetzbar bei der Betreuung Demenzkranker in der Heim- oder Tagespflege, aber auch in der häuslichen Pflege. Sie bieten auch pflegenden Angehörigen die Möglichkeit, mit den Demenzkranken wieder ins Gespräch zu kommen – und wer gar nichts erzählen mag, genießt einfach das Vorleseritual und den Inhalt der jeweiligen Geschichte.
</marc:subfield>
   </marc:datafield>
   <marc:datafield ind1=" " ind2=" " tag="020">
      <marc:subfield code="a">9783834623461</marc:subfield>
      <marc:subfield code="9">9783834623461</marc:subfield>
   </marc:datafield>
   <marc:datafield ind1=" " ind2=" " tag="020">
      <marc:subfield code="a">3834623466</marc:subfield>
      <marc:subfield code="9">3834623466</marc:subfield>
   </marc:datafield>
   <marc:datafield ind1=" " ind2=" " tag="041">
      <marc:subfield code="a">ger</marc:subfield>
   </marc:datafield>
   <marc:datafield ind1=" " ind2=" " tag="300">
      <marc:subfield code="a">126 S.</marc:subfield>
   </marc:datafield>
</marc:record>
